Counter-Strike HLTV Awards 2024 - Statistics

General Stats
  • This quiz has been taken 7 times
  • The average score is 23 of 42
Answer Stats
Awards Placement Nominee % Correct
Aleksib
100%
#2 donk
100%
donk
100%
karrigan
100%
m0NESY
100%
Natus Vincere
100%
NAVI Javelins
100%
Spirit
100%
Player of the Year #1 ZywOo
100%
B1ad3
83%
chopper
83%
G2
83%
OhnePixel
83%
sh1ro
83%
Dima_Wallhacks
67%
hally
67%
IEM Katowice 2024
67%
Imperial Valkyries
67%
Perfect World Shanghai Major 2024
67%
zont1x
67%
b1t
50%
FURIA fe
50%
Jimpphat
50%
jL
50%
malbsMd
50%
NiKo
50%
PGL CS2 Major Copenhagen 2024
50%
ANa
33%
SPUNJ
33%
sycrone
33%
zAAz
33%
AK-47 | Inheritance (Endrit)
17%
BanKs
17%
EliGE
17%
fl0m
17%
M4A1-S | Black Lotus (moonfighter)
17%
tory
17%
Virre CS2
17%
Zeus x27 | Olympus (apel8)
17%
3kliksphilip
0%
NadeKing
0%
Scrawny
0%
No matching quizzes found
Score Distribution
Percent of People with Each Score
Percentile by Number Answered
Your Score History
You have not taken this quiz